Score 0/8 Timer 01:30
7 Plays Today
Date It Became Largest State % Correct
December 29, 1845Texas
93.4%
January 3, 1959Alaska
90%
June 25, 1788Virginia (including West Virginia)
78.1%
December 12, 1787Pennsylvania
77.4%
January 2, 1788Georgia
68.5%
December 7, 1787Delaware
64.6%
January 26, 1837Michigan
39.1%
August 10, 1821Missouri
38.2%
Remove Ads.
Support Sporcle.
Get the best of Sporcle when you Go Orange. This ad-free experience offers more features, more stats, and more fun while also helping to support Sporcle. Thank you for becoming a member.

You're not logged in!

Compare scores with friends on all Sporcle quizzes.
OR
Log In

Show Comments

Extras

Top Quizzes Today


Score Distribution

Your Account Isn't Verified!

In order to create a playlist on Sporcle, you need to verify the email address you used during registration. Go to your Sporcle Settings to finish the process.

Report this User

Report this user for behavior that violates our Community Guidelines.

Details: